| 000 | 00536nam a2200193 a 4500 | ||
|---|---|---|---|
| 005 | 20260411064111.0 | ||
| 008 | 991125c1975 mx 000 0 eng u | ||
| 020 | _a0070417377 | ||
| 035 | _aUPN01000026507 | ||
| 049 | _aCG | ||
| 050 | 4 |
_aLA21 _bM4.3 |
|
| 100 | 1 | _aMeyer, Adolphe E. | |
| 245 | 1 | 0 |
_aGrandmasters of educational thought / _cAdolphe E. Meyer. |
| 260 |
_aNew York ; _aMéxico : _bMcGraw-Hill, _cc1975. |
||
| 300 | _a302 p. | ||
| 650 | 4 |
_aEducación _xFilosofía _xHistoria _915706 |
|
| 650 | 4 | _aEDUCADORES | |
| 905 | _aLibro | ||
| 999 |
_c26507 _d26507 |
||